[Event "Lent Tournament 1"]
[Site "SchemingMind.com"]
[Date "2018.05.03"]
[Round "-"]
[White "John Hamer"]
[Black "Holty"]
[Result "1-0"]
[WhiteCountry "ENG"]
[BlackCountry "ENG"]
[WhiteElo "2044"]
[WhiteRD "67"]
[BlackElo "1767"]
[BlackRD "60"]
[GameID "427668"]

1. d4 d5 2. Bf4 c5 3. e3 cxd4 4. exd4 Nc6 5. c3 Bf5 6. Nd2 Nf6 7. Ngf3 h6 8. Qb3 Qb6 9. Bb5 a6 10. Bxc6+ Qxc6
11. Ne5 Qc8 12. O-O e6 13. c4 Be7 14. Rac1 dxc4 15. Ndxc4 Qb8 16. Ng6
1-0

[Event "Lent Tournament 1"]
[Site "SchemingMind.com"]
[Date "2018.05.03"]
[Round "-"]
[White "Holty"]
[Black "John Hamer"]
[Result "1/2-1/2"]
[WhiteCountry "ENG"]
[BlackCountry "ENG"]
[WhiteElo "1767"]
[WhiteRD "60"]
[BlackElo "2044"]
[BlackRD "67"]
[GameID "427669"]

1. d4 Nf6 2. c4 g6 3. Nc3 Bg7 4. Nf3 d5 5. cxd5 Nxd5 6. e4 Nb6 7. h3 O-O 8. Be2 Nc6 9. Be3 e5 10. d5 Ne7
11. O-O Bd7 12. b3 f5 13. Rc1 fxe4 14. Nd2 Nexd5 15. Ndxe4 Bc6 16. Nxd5 Bxd5 17. Nc3 c6 18. Bd3 Be6 19. Qc2 Nd5 20. Bd2 Nf4
21. Bxf4 exf4 22. Rfe1 Bf7 23. Be2 Re8 24. Ne4 Bd5 25. Nc3 Be6 26. Ne4 Bf5 27. Qc4+ Be6 28. Qc2 Kh8 29. Rcd1 Qc7 30. Bf3 Rad8
31. Rxd8 Rxd8 32. Ng5 Bf5 33. Qc4 Rf8 34. Qc5 Qb8 35. Re7 Re8 36. Nf7+ Kg8 37. Nh6+ Bxh6 38. Qc4+ Kh8=
1/2-1/2

[Event "Lent Tournament 1"]
[Site "SchemingMind.com"]
[Date "2018.05.02"]
[Round "-"]
[White "Holty"]
[Black "Chessibelle"]
[Result "1-0"]
[WhiteCountry "ENG"]
[BlackCountry "ENG"]
[WhiteElo "1767"]
[WhiteRD "60"]
[BlackElo "1134"]
[BlackRD "60"]
[GameID "427670"]

1. d4 d5 2. Nf3 Nf6 3. e3 Bd7 4. Bd3 e6 5. b3 Be7 6. Bb2 O-O 7. Nbd2 Nc6 8. O-O g6 9. c3 a6 10. e4 Bd6
11. e5 Be7 12. exf6 Bxf6 13. Re1 b5 14. b4 Be7 15. a3 f5 16. Ne5 Bc8 17. Nxc6 Qe8 18. Nxe7+ Qxe7 19. Nf3 h6 20. Ne5 Qe8
21. Re3 c6 22. f4 Qe7 23. Nxg6 Qf6 24. Rg3 Kf7 25. Qh5 Ke8 26. Nxf8+ Ke7 27. Ng6+ Kd6 28. Ne5 Bb7 29. Rg6 Qe7 30. Bxf5 Kc7
31. Rxh6 Bc8 32. Rh7 Kd6 33. Rxe7 Kxe7 34. Qf7+ Kd8 35. Nxc6#
1-0

[Event "Lent Tournament 1"]
[Site "SchemingMind.com"]
[Date "2018.05.02"]
[Round "-"]
[White "Chessibelle"]
[Black "Holty"]
[Result "0-1"]
[WhiteCountry "ENG"]
[BlackCountry "ENG"]
[WhiteElo "1134"]
[WhiteRD "60"]
[BlackElo "1767"]
[BlackRD "60"]
[GameID "427671"]

1. e4 e5 2. Nf3 Nc6 3. Nc3 Nf6 4. Be2 Bb4 5. O-O O-O 6. d3 h6 7. d4 exd4 8. Nxd4 Bxc3 9. bxc3 Nxe4 10. Bf4 Nxc3
11. Qd3 Nxd4 12. Bg4 d6 13. h3 Bxg4 14. hxg4 Nce2+ 15. Kh1 Nxf4 16. Qe4 Qh4+ 17. Kg1 Nde2+ 18. Qxe2 Nxe2#
0-1

[Event "Lent Tournament 1"]
[Site "SchemingMind.com"]
[Date "2018.04.28"]
[Round "-"]
[White "Holty"]
[Black "Nirvana"]
[Result "1-0"]
[WhiteCountry "ENG"]
[BlackCountry "ALG"]
[WhiteElo "1736"]
[WhiteRD "59"]
[BlackElo "1146"]
[BlackRD "89"]
[GameID "427672"]

1. d4 d5 2. Nf3 Nf6 3. e3 Bg4 4. c4 e6 5. Qb3 b6 6. Ne5 Nbd7 7. f3 Bh5 8. Nc3 Bd6 9. Nc6 Qc8 10. Bd3 O-O
11. O-O Bg6 12. Bxg6 fxg6 13. e4 Qb7 14. Nb4 Bxb4 15. Qxb4 a5 16. Qb3 dxe4 17. fxe4 Nxe4 18. Be3 Nxc3 19. Qxc3 Nf6 20. Rae1 Ne4
21. Rxf8+ Rxf8 22. Qd3 Nf6 23. Bd2 c6 24. Rxe6 Qd7 25. Re1 c5 26. d5 Qd6 27. Re6 Qc7 28. Qe2 Rf7 29. Bc3 h6 30. Be5
1-0

[Event "Lent Tournament 1"]
[Site "SchemingMind.com"]
[Date "2018.04.28"]
[Round "-"]
[White "Nirvana"]
[Black "Holty"]
[Result "0-1"]
[WhiteCountry "ALG"]
[BlackCountry "ENG"]
[WhiteElo "1146"]
[WhiteRD "89"]
[BlackElo "1736"]
[BlackRD "59"]
[GameID "427673"]

1. c4 e5 2. Nc3 Nf6 3. e4 Bb4 4. d3 d6 5. Bg5 O-O 6. Qb3 Bxc3+ 7. Qxc3 Nbd7 8. Nf3 b6 9. Bxf6 Nxf6 10. g3 c5
11. Bg2 h6 12. O-O Be6 13. b3 Qd7 14. Rad1 Bg4 15. a3 Rac8 16. b4 Rfe8 17. Ra1 Bh3 18. bxc5 Bxg2 19. Kxg2 bxc5 20. a4 Qc7
21. a5 a6 22. h3 Rb8 23. Rab1 Rxb1 24. Rxb1 Rb8 25. Rxb8+ Qxb8 26. Nd2 Ne8 27. Qb3 Qb4 28. Qxb4 cxb4 29. Nb3 Nf6 30. c5 dxc5
31. Nxc5 Nd7
0-1

[Event "Lent Tournament 1"]
[Site "SchemingMind.com"]
[Date "2018.04.28"]
[Round "-"]
[White "Holty"]
[Black "Fowler"]
[Result "1-0"]
[WhiteCountry "ENG"]
[BlackCountry "SCO"]
[WhiteElo "1739"]
[WhiteRD "59"]
[BlackElo "1648"]
[BlackRD "107"]
[GameID "427674"]

1. d4 Nf6 2. Nf3 g6 3. c4 d6 4. Nc3 Bg7 5. Bg5 O-O 6. e3 Nbd7 7. Be2 Re8 8. O-O c6 9. Qc2 h6 10. Bh4 e5
11. Rfd1 g5 12. Bg3 Nh5 13. dxe5 Nxg3 14. hxg3 Nxe5 15. b3 Ng6 16. Bd3 Ne5 17. Nxe5 Bxe5 18. Rac1 f5 19. Bxf5 Bxf5 20. Qxf5 Rf8
21. Qg6+ Bg7 22. Rxd6 Qe7 23. Qe6+ Qf7 24. Qxf7+ Rxf7 25. Ne4 Raf8 26. Rcd1 Re7 27. Nc5 b6 28. Ne6 Be5 29. Nxf8
1-0

[Event "Lent Tournament 1"]
[Site "SchemingMind.com"]
[Date "2018.04.28"]
[Round "-"]
[White "Fowler"]
[Black "Holty"]
[Result "0-1"]
[WhiteCountry "SCO"]
[BlackCountry "ENG"]
[WhiteElo "1662"]
[WhiteRD "114"]
[BlackElo "1767"]
[BlackRD "60"]
[GameID "427675"]

1. d4 d5 2. Nf3 Nf6 3. e3 c5 4. c3 e6 5. Bd3 Bd6 6. O-O Nc6 7. Nbd2 cxd4 8. exd4 Qc7 9. Re1 Bd7 10. Qc2 h6
11. Ne5 Nxe5 12. dxe5 Bxe5 13. Nf3 Bd6 14. Be3 e5 15. Nh4 e4 16. Qd2 g5
0-1